Statistics for Guess the Red Velvet Members by Picture

Click here to take the quiz!

General Stats

  • This quiz has been taken 312 times
  • The average score is 5 of 5

Answer Stats

Answer% Correct
Wendy
100%
Irene
99%
Joy
99%
Yeri
99%
Seulgi
98%

Score Distribution

Percentile by Number Answered

Percent of People with Each Score

Your Score History

You have not taken this quiz